| 000 | 01040nam a2200277 i 4500 | ||
|---|---|---|---|
| 001 | 197119 | ||
| 003 | ES-MaACL | ||
| 005 | 20250822063246.0 | ||
| 008 | 250422b2022 sp ||||| |||| 00| 0 spa d | ||
| 020 | _a9786079913267 | ||
| 040 |
_bspa _cES-MaACL |
||
| 245 |
_a14 Historias inevitables de la adolescencia / _ccompiladores Lizbeth Lara y Daniel Sánchez. |
||
| 260 |
_aToluca (Estado de México) : _bEditorial Casa Alef México, _c2022. |
||
| 300 |
_a113 páginas ; _c21 cm. |
||
| 336 |
_2rdacontent _atexto |
||
| 337 |
_2rdamedia _asin mediación |
||
| 338 |
_2rdacarrier _avolumen |
||
| 655 | 0 |
_9176540 _aAntologías |
|
| 700 | 1 |
_aLara, Lizbeth _ecom _9241959 |
|
| 700 | 1 |
_aSánchez, Daniel _ecom _9241960 |
|
| 852 |
_aES-MaACL _cDEPOJ _jN-10510 _xEncuadernación rústica con solapas _9206633 _hDonación: Editorial |
||
| 942 |
_cMONOGRAFIA _n0 |
||
| 999 |
_c197119 _d197119 |
||